000
00253nam a2200097Ia 4500
001
933017
005
20250826214937.0
008
250824s9999 xx 000 0 und d
245
0
_a
NUREDDİN ZENGİ ŞARKIN KANDİLİ
_c
ALİ EMRE
260
_b
KETEBE YAYINLARI
999
_c
933017
_d
933017